| 000 | 00646nam a22001817a 4500 | ||
|---|---|---|---|
| 003 | LK-CoDNM | ||
| 005 | 20250221101127.0 | ||
| 008 | 250221b |||||||| |||| 00| 0 eng d | ||
| 040 |
_aLK-CoDNM _dLK-CoDNM _eLK-CoDNM |
||
| 041 | _atam | ||
| 080 | _aT A389 | ||
| 100 | _aகமலினி விஜயதிலக்க மற்றும் கமீனா குணரத்ன | ||
| 245 | _aசொத்துக்களின் உரிமைகள் | ||
| 260 | _aபெண்கள் ஆராச்சி நிலையம் | ||
| 300 | _a15p : 23 cm. | ||
| 650 | _aஉரிமைசார் கல்வி | ||
| 942 | _cBK | ||
| 999 |
_c238262 _d238262 |
||